Classifica Scarpa d'Oro 2009 - Statistics

Statistiche generali
  • Questo quiz è stato fatto 26 volte
  • Il punteggio medio è 8 su 16
Statistiche sulle risposte
Gol Coefficiente UEFA Punti Nazione Squadra Calciatore % Corretto
30 x2 60 Camerun Barcellona Sameul Eto' o
100%
25 x2 50 Svezia Inter Zlatan Ibrahimović
96%
32 x2 64 Uruguay Atletico Madrid Diego Forlán
91%
23 x2 46 Argentina Barcellona Lionel Messi
91%
26 x2 52 Bosnia Wolfsburg Edin Džeko
83%
24 x2 48 Argentina Genoa Diego Milito
78%
28 x2 56 Spagna Valencia David Villa
70%
22 x2 44 Argentina Real Madrid Gonzalo Higuaín
65%
24 x2 48 Italia Bologna Marco Di Vaio
57%
24 x2 48 Germania Stoccarda Mario Gómez
43%
28 x2 56 Brasile Wolfsburg Grafite
35%
24 x2 48 Francia Tolosa André-Pierre Gignac
4%
27 x1,5 40,5 Austria Rapid Vienna Erwin Hoffer
0%
27 x1,5 40,5 Scozia Glasgow Rangers Kris Boyd
0%
39 x1,5 58,5 Austria Red Bull Salisburgo Marc Janko
0%
21 x2 42 Germania Bayer Leverkusen Patrick Helmes
0%
Nessun quiz corrispondente trovato
Distribuzione punteggi
Percentuale di utenti per punteggio
Percentile per numero di risposta
I tuoi punteggi nel tempo
Non hai fatto questo quiz